00453nam a22001697a 450000500170000001000130001702000260003003500130005603700140006908200060008310000210008924500540011026000350016427000610019930000200026070000030028020120216122340.0 aB-453936 a9780140128437c225.00 aB-453936 bR.B.C/VEN aN aHariharan, Githa aThe thousand faces of night /cby Githa Hariharan aNew DelhibPenguin Booksc1992 a11, Community Center,Panchsheel Park,bNew Delhie110017 a139pc20cm(pbk)